00742mam a2200241 i 450000100060000000300080000600500170001400800410003103500230007203500190009504000270011404100080014108200210014910000380017024500390020825000180024726000530026530000260031849000540034449000220039860000390042070000410045918286BD-RjUL20211209000249.0140220r19581962enk 000 d eng d a(OCoLC)ocm05081737 a(BD-RjUL)18344 aMUUcMUUbengdBD-RjUL aeng00a822.33bSHO 19621 aShakespeare, William,d1564-1616.10aOthello /cedited by M. R. Ridley. a7th ed., rev. aLondon :bMethuen,c1958 [Reprinted 1962, 1965]. alxx, 246 p. ;c22 cm.1 aArden edition of the works of William Shakespeare1 aArden Shakespeare 0aShakespeare, William, d1564-1616.1 aRidley, M. R.q(Maurice Roy),d1890-